[Event "Stockholm Chess Challenge 2018"]
[Site "Stockholm"]
[Date "2018.05.05"]
[Round "8"]
[White "Firat, Burak"]
[Black "Srinath, Rao S.V."]
[Result "1/2-1/2"]
[WhiteElo "2446"]
[BlackElo "2363"]
[Annotator "TA"]
[PlyCount "111"]
[EventDate "2018.??.??"]
[EventCountry "SWE"]
[SourceTitle "playchess.com"]
[Source "ChessBase"]
[SourceQuality "1"]

{[%evp 17,111,-10,0,-7,73,0,4,0,25,38,44,34,29,19,33,0,19,18,18,7,37,40,95,85,109,95,108,97,101,101,97,111,108,101,139,133,134,145,168,81,120,115,172,131,131,108,98,51,126,112,124,114,115,123,121,119,141,141,248,33,31,25,25,25,25,12,12,12,25,25,25,0,25,0,25,25,25,25,25,25,25,25,25,25,25,25,25,25,25,25,25,0,25,0,25,0]} 1. e4 e6 2. d4 d5 3. Nc3 Nf6 4. e5 Nfd7 5. f4 c5 6. Nf3 Nc6 7. Be3 a6 8. Qd2 b5 9. dxc5 Bxc5 10. Bd3 {C11: French: Classical System: 4 e5 and 4 Bg5 dxe4} (10. Ne2 O-O 11. Ned4 Qb6 12. c3 b4 13. Bd3 a5 14. O-O Ba6 15. Kh1 Bxd3 16. Qxd3 Qa6 17. Qc2 bxc3 18. bxc3 {½-½ (31) Dominguez Perez,L (2739)-So,W (2788) Saint Louis 2017}) 10... O-O {[#]} (10... Qb6 $11 {remains equal.} 11. Bxc5 Nxc5) 11. O-O-O (11. Bxh7+ $1 $16 Kxh7 12. Ng5+ Kg8 13. Qd3 Qxg5 14. fxg5 Ndxe5 15. Qe2 (15. Bxc5 Nxd3+ 16. cxd3 Rd8 $11) 15... Bxe3 16. Qxe3) 11... Qb6 $11 12. Bg1 {The position is equal.} f6 13. exf6 Nxf6 14. Bxc5 Qxc5 15. Rhe1 {[#]} Ra7 $146 ({Predecessor:} 15... Bd7 16. Kb1 g6 17. Ne5 Nxe5 18. Rxe5 {0-1 (65) Darini,P (2524)-Short,N (2652) Guilan 2016}) 16. Ne5 Rc7 17. Nxc6 Rxc6 18. a3 Bd7 19. Ne2 Kh8 (19... Rb6 $14) 20. Qb4 $16 Qxb4 21. axb4 Ng4 22. Nd4 Rd6 23. g3 g5 24. fxg5 e5 {[#]} 25. Nb3 $1 d4 26. Nc5 Bc6 27. Rd2 ({Of course not} 27. Nxa6 $6 Bf3 $11) 27... Ne3 28. b3 (28. c3 $18 {has better winning chances.}) 28... Bd5 29. Kb2 Rc8 (29... Bf3 $16 {was necessary.} 30. Be4 Bxe4 31. Nxe4 Rc6) 30. Ra1 Nc4+ 31. bxc4 bxc4 32. Re2 Rb6 (32... cxd3 $14 33. Rxe5 (33. cxd3 Rb6 $11) 33... dxc2) 33. Rxe5 Rxc5 34. Be4 Rxb4+ 35. Kc1 Rbb5 36. Rxa6 Bxe4 37. Rxe4 {[%mdl 4096] Endgame And now Re8+ would win. KRR-KRR} d3 (37... Rc8 $16 38. Rxd4 Rxg5) 38. Ra7 $2 ({White has to play} 38. Re8+ $18 Kg7 39. Re7+ Kf8 40. Rxh7) 38... Rxg5 $14 39. Rxc4 dxc2 40. Rc8+ Rg8 41. Rcc7 {[%csl Ga7][%cal Rc7h7]} Rh5 42. Rxc2 Rg7 43. Ra8+ Rg8 44. Ra7 Rg7 45. Ra8+ (45. Rxg7 {keeps more tension.} Kxg7 46. Kd1 Ra5 47. Ke2 Kg6 48. Kf2) 45... Rg8 46. Rxg8+ Kxg8 $11 {KR-KR} 47. Kd1 Re5 48. Re2 Rb5 49. Ke1 Kg7 50. Kf2 Kg6 51. h3 Rb6 52. Kf3 Rf6+ 53. Ke3 Re6+ 54. Kf3 Rf6+ 55. Ke3 Re6+ 56. Kf3 {Precision: White = 57%, Black = 40%.} 1/2-1/2

[Event "Stockholm Chess Challenge 2018"]
[Site "Stockholm"]
[Date "2018.05.05"]
[Round "8"]
[White "Thorn, Eric"]
[Black "Sorensen, Hampus"]
[Result "1/2-1/2"]
[WhiteElo "2312"]
[BlackElo "2243"]
[Annotator "TA"]
[PlyCount "111"]
[EventDate "2018.??.??"]
[EventCountry "SWE"]
[SourceTitle "playchess.com"]
[Source "ChessBase"]
[SourceQuality "1"]

{[%evp 21,111,41,32,8,35,35,98,103,120,111,106,110,67,86,81,74,74,0,43,15,18,6,16,4,14,0,-9,0,67,37,45,49,75,95,90,70,141,133,112,98,102,90,108,96,97,103,159,166,249,172,164,174,166,72,73,66,77,78,78,72,81,16,154,8,8,0,0,0,0,0,0,0,34,34,34,34,34,34,34,34,34,34,34,34,34,34,34,0,34,34,34,0]} 1. Nf3 d5 2. c4 c6 3. e3 Nf6 4. Nc3 e6 5. b3 Nbd7 6. Qc2 Bd6 7. Bb2 O-O 8. Be2 b6 {A11: English Opening: 1...c6} (8... Qe7 9. O-O b6 10. cxd5 cxd5 11. Nb5 Ba6 12. Qd1 Bxb5 13. Bxb5 a6 14. Be2 Ba3 15. Qc1 Bxb2 16. Qxb2 {½-½ (33) Ivanchuk,V (2728)-Duda,J (2707) Tbilisi 2017}) 9. Rg1 Qe7 10. g4 Bb7 11. g5 Ne8 $1 {LiveBook: 4 Games} 12. O-O-O e5 13. Kb1 e4 $146 (13... Bb4 $14) ({Predecessor:} 13... Bb4 14. h4 b5 15. cxd5 cxd5 16. Nxb5 {½-½ (36) Ruggieri,O (2380)-Bondars,G (2310) ICCF email 2013}) 14. Nd4 $16 g6 15. cxd5 cxd5 16. h4 Be5 17. f4 exf3 18. Bxf3 Nc7 {[%cal Be8c7,Bc7e6,Be6c5,Bc5e4][%mdl 32]} 19. Nce2 (19. h5 $16) 19... Rac8 20. Bc3 Ne6 21. Qb2 Nec5 22. Qa3 a5 23. Nf4 Bxf4 24. exf4 Rfe8 (24... Qd6 $1 $11) 25. h5 $14 Ne4 26. Qxe7 Nxc3+ 27. dxc3 Rxe7 28. Kb2 Re3 (28... Nc5 $14) 29. Bg4 $36 {[%mdl 2048] White is in control.} Rd8 30. Rge1 Rxe1 31. Rxe1 {Hoping for Bxd7.} Nc5 {White must now prevent ...Nd3+.} 32. Re7 Kf8 33. Rc7 Ba6 (33... gxh5 $142 34. Bxh5 Rd7 35. Rxd7 Nxd7) 34. f5 Nd3+ (34... Rc8 {might work better.} 35. Ra7 Rb8 36. fxg6 hxg6 37. hxg6 fxg6 38. Ne6+ Nxe6) 35. Kc2 Ne5 36. fxg6 $1 hxg6 {[#]} 37. Bd1 (37. h6 $1 $18 {has better winning chances.} Kg8 38. Bh3) 37... gxh5 $16 38. Bxh5 Rd7 39. Rxd7 Nxd7 {[%mdl 4096] Endgame KBN-KBN} 40. Bf3 Bb7 41. c4 (41. Nf5 $16) 41... f6 {[#]} (41... Ke7 $11 {keeps the balance.}) 42. gxf6 ({Worse is} 42. Bxd5 Bxd5 43. cxd5 fxg5 $11) ({But not} 42. cxd5 $6 fxg5 43. Nf5 Ne5 $11) ({Only move:} 42. Ne6+ $1 $16 Ke7 43. g6 (43. Bxd5 Bxd5 44. cxd5 fxg5 $11) (43. cxd5 fxg5 44. Kc3 g4 $11)) 42... Nxf6 $11 43. c5 bxc5 44. Ne6+ Ke7 45. Nxc5 Bc6 46. Kd3 Nd7 47. Kd4 Kd6 48. Nxd7 Bxd7 49. Bxd5 $14 {KB-KB} Bb5 50. Bf7 Be2 51. Bc4 Bf3 52. Bd3 Bg2 53. Be4 Bf1 54. Bd3 Bg2 55. Kc4 {Kb5 is the strong threat.} Kc6 56. Kd4 {Precision: White = 44%, Black = 51%.} 1/2-1/2

[Event "Stockholm Chess Challenge 2018"]
[Site "Stockholm"]
[Date "2018.05.05"]
[Round "8"]
[White "Pantzar, Milton"]
[Black "Jeferli, MohammedAli"]
[Result "1-0"]
[WhiteElo "2295"]
[BlackElo "1934"]
[Annotator "RC"]
[PlyCount "73"]
[EventDate "2018.??.??"]
[EventCountry "SWE"]
[SourceTitle "playchess.com"]
[Source "ChessBase"]
[SourceQuality "1"]

1. g3 Nf6 2. Bg2 e6 3. d4 Be7 4. c4 d5 5. Nf3 O-O 6. O-O b6 7. Ne5 Bb7 8. Nc3 Nbd7 9. Qa4 c6 10. Nxc6 Bxc6 11. Qxc6 Rc8 12. Qa4 Rxc4 13. Qxa7 Rxd4 14. b3 Qa8 15. Qxa8 Rxa8 16. h3 Nc5 17. Nb5 Rb4 18. Nc7 Ra5 19. Bd2 Nce4 20. Bxb4 Bxb4 21. a4 Nc3 22. Bf3 Nd7 23. Nb5 Nxb5 24. axb5 Ne5 25. Rxa5 Nxf3+ 26. exf3 Bxa5 27. Rc1 Kf8 28. Rc6 d4 29. Kf1 d3 30. Rd6 d2 31. Ke2 Ke7 32. Rc6 Kd7 33. Rc4 Kd6 34. b4 Kd5 35. bxa5 Kxc4 36. axb6 Kc3 37. Kd1 1-0

[Event "Stockholm Chess Challenge 2018"]
[Site "Stockholm"]
[Date "2018.05.05"]
[Round "8"]
[White "Kantane, Anna"]
[Black "Pranav Anand"]
[Result "1/2-1/2"]
[WhiteElo "2266"]
[BlackElo "2158"]
[Annotator "TA"]
[PlyCount "132"]
[EventDate "2018.??.??"]
[EventCountry "SWE"]
[SourceTitle "playchess.com"]
[Source "ChessBase"]
[SourceQuality "1"]

{[%evp 31,132,64,68,70,89,75,97,87,91,87,112,112,104,114,112,85,171,168,281,275,281,16,10,0,233,0,0,-74,-71,-100,-88,-89,-79,-108,-41,-34,-22,-6,-6,-41,-39,-60,-14,-9,39,0,118,3,7,0,131,149,132,130,141,127,150,0,206,0,0,0,0,0,109,109,206,0,109,0,0,0,0,0,0,0,0,0,0,0,0,-12850,-12851,-12851,-12851,-12851,-12851,-12851,-12851,-12851,-12851,-12851,0,0,0,0,0,0,0,0,0,0,0]} 1. e4 e5 2. Nf3 Nc6 3. Bb5 a6 4. Ba4 Nf6 5. O-O Be7 6. Re1 b5 7. Bb3 d6 8. c3 O-O 9. d4 Bg4 10. Be3 exd4 11. cxd4 d5 12. e5 Ne4 13. h3 {C91: Closed Ruy Lopez: 7...d6 8 c3 0-0 9 d4} Bh5 14. Nbd2 (14. Nc3 Nxc3 15. bxc3 Qd7 16. Bc2 Nd8 17. Qb1 Bg6 18. Bxg6 fxg6 19. Nd2 Ne6 20. a4 bxa4 21. Qa2 a3 22. c4 {½-½ (60) Wang,H (2709)-Ding,L (2777) Riadh 2017}) 14... Na5 15. Bc2 Nxd2 16. Bxd2 Nc4 {LiveBook: 3 Games} 17. Bc1 Bb4 18. Rf1 ({Not} 18. Qd3 Bg6 $17) 18... f5 19. b3 $146 Nb6 20. Qd3 c6 21. Bg5 Be7 22. Bxe7 Qxe7 23. Rac1 g6 (23... Bxf3 $16 {is a better defense.} 24. Qxf3 g6) 24. Ne1 Qa3 (24... Nd7 $142 25. Qd2 c5) 25. Qd2 $18 Be2 26. Bd1 $2 (26. Bxf5 $1 $18 Rxf5 27. Nc2) 26... Bxf1 $11 27. Rxc6 Rac8 $2 (27... Nc4 $11 28. Qh6 Rfc8 29. Rxg6+ hxg6 30. Qxg6+ Kh8 31. Qh6+ Kg8 32. Qg6+ Kh8 33. Qh6+ Kg8 34. Qg6+) 28. Rxb6 $2 (28. Nc2 $1 $18 Qxa2 29. Rxb6) 28... Qc1 29. Qxc1 (29. Qb4 $1 $11) 29... Rxc1 $17 30. Kxf1 Rxd1 $11 {[%mdl 4096] Endgame KRR-KRN} 31. Ke2 Rxd4 32. Nd3 Rc8 (32... f4 $1 $17 33. f3 Rc8) 33. Ke3 $1 $15 {[%cal Re3d4]} Re4+ (33... Rh4 {seems wilder.} 34. Kd2 Ra8 35. Rd6 d4 36. f4 g5) 34. Kd2 g5 35. Rd6 g4 36. hxg4 Rxg4 37. g3 Rg7 38. Nb4 Re7 (38... Rg4 $11 39. Nxd5 Rd4+ 40. Ke3 Re4+ 41. Kd2 Rd4+ 42. Ke3 Re4+ 43. Kd2 Rd4+) 39. Nxd5 (39. e6 $1 $16) 39... Rxe5 $11 40. f4 {[#]} Ree8 (40... Rxd5+ $1 $11 {[%mdl 512]} 41. Rxd5 Rc6) 41. Nf6+ $16 Kf7 42. Nxe8 Rxe8 43. Rxa6 {KR-KR} Rg8 44. Rh6 ({Better is} 44. Ra7+ $16 Ke6 45. Rxh7) 44... Kg7 $2 {[#]} (44... Rxg3 $11 {and Black is okay.} 45. Rxh7+ Kg6) 45. Rb6 $2 ({White has to play} 45. Rh5 $1 $18 {[%cal Rh5g5]} Kf6 46. Rxh7) 45... Ra8 $11 46. Rxb5 {Strongly threatening a4.} Rxa2+ 47. Ke3 Rg2 (47... Kg6 $11) 48. Kf3 $16 ({Much worse is} 48. Rxf5 $6 Rxg3+ 49. Ke4 Rxb3 $11) 48... Rc2 {[#]} (48... Rb2 $16 49. Rxf5 Rxb3+ 50. Kg4 Rb6) 49. Re5 $2 (49. Rb6 $1 $18) 49... Rb2 (49... Kg6 $1 $11 {keeps the balance.}) 50. Re3 (50. Rxf5 $16 Rxb3+ 51. Kg4) 50... Kg6 $11 51. Rc3 Kh5 52. Ke3 Kg4 53. Kd4 h5 $1 54. Kc4 Rg2 55. b4 $1 {[%cal Rb4b5] b5 is the strong threat.} Rxg3 56. Rxg3+ $4 {[%mdl 8192]} (56. b5 $11 Rxc3+ 57. Kxc3) 56... Kxg3 {KPP-KPP} 57. b5 h4 58. b6 h3 59. b7 h2 60. b8=Q h1=Q $19 {KQ-KQ} 61. Qg8+ Kxf4 $2 (61... Kf2 $19 {White must now prevent ...Qe4+.} 62. Qg5 Qe4+ 63. Kc5 Kf3 64. Qh5+ Kxf4 65. Qh4+ Kf3 66. Qh3+ Ke2 67. Qh2+ Kd3 68. Qd6+ Ke3 69. Qg3+ Qf3 70. Qe1+ Qe2 71. Qc1+ Kf3 72. Qh1+ Ke3 73. Qc1+ Ke4 74. Qh1+ Qf3 75. Qb1+ Kf4) 62. Qb8+ $11 {The position is equal.} Ke3 {Hoping for ...Qc6+.} 63. Qb3+ Kf2 {( -> ...Qe4+)} 64. Qc2+ Ke3 {And now ...Qe4+ would win.} 65. Qxf5 Qe4+ 66. Qxe4+ Kxe4 {Precision: White = 54%, Black = 47%.} 1/2-1/2

[Event "Stockholm Chess Challenge 2018"]
[Site "Stockholm"]
[Date "2018.05.05"]
[Round "8"]
[White "Kucuksari, Kaan"]
[Black "Haria, Ravi"]
[Result "0-1"]
[WhiteElo "2251"]
[BlackElo "2441"]
[Annotator "TA"]
[PlyCount "142"]
[EventDate "2018.??.??"]
[EventCountry "SWE"]
[SourceTitle "playchess.com"]
[Source "ChessBase"]
[SourceQuality "1"]

{[%evp 12,142,17,14,17,31,25,37,27,31,25,17,40,50,73,17,24,25,30,3,18,0,10,7,12,10,12,0,0,0,0,-16,-16,-16,-15,-56,-39,-22,-19,-15,0,-104,-101,-158,-160,-164,-147,-194,-192,-190,-171,-187,-193,-268,-141,-370,-166,-328,-238,-272,-78,-78,-79,-78,-78,-79,-74,-76,-75,-95,-95,-95,-84,-87,-89,-94,-63,-63,-63,-63,-63,-63,-63,-63,-63,-63,-63,-63,-57,-62,-55,-56,-63,-63,-63,-56,0,-62,-33,-27,-27,-70,-70,-72,-77,-75,-63,-78,-64,-94,-94,-94,-63,-144,-137,-130,-137,-137,-138,-12846,-12847,-12850,-12851,-12851,-12851,-12851,-12851,-12851,-12851,-12851,-12851,-29985,-29986]} 1. d4 e6 2. Nf3 Nf6 3. Nbd2 d5 4. e3 Bd6 5. Bd3 Nbd7 6. O-O O-O 7. Re1 {LiveBook: 3 Games} e5 {D05: Colle System with ...e6} 8. e4 h6 9. exd5 {[%cal Rd4e5]} exd4 {White is slightly better.} 10. Nxd4 Nxd5 11. Ne4 $146 ({Predecessor:} 11. Nc4 Bc5 12. Nf5 N7f6 13. a3 Ne7 14. Nxe7+ Bxe7 15. Qf3 Bc5 16. Bf4 Be6 17. Rad1 Bg4 18. Bh7+ Kxh7 19. Rxd8 Bxf3 20. Rxa8 Rxa8 21. gxf3 Nd5 22. Bd2 {½-½ (22) Pytel,K (2490)-Neuillet,A (2205) Avoine 1995}) 11... Be5 12. Nf3 Bf4 13. c4 (13. Bc4 $16 N7b6 14. Bxd5 Nxd5 15. c4 Bxc1 16. Qxc1 (16. Rxc1 Nb4 $11)) 13... Bxc1 $11 14. Rxc1 N5f6 15. c5 Nxe4 16. Bxe4 {Strongly threatening c6.} c6 17. Qa4 Nf6 18. Rcd1 Qc7 19. Nd4 Bg4 20. f3 Bd7 21. Nf5 Bxf5 22. Bxf5 Rad8 23. Qxa7 Rxd1 24. Rxd1 Qe5 $36 {[%mdl 2048] Black is pushing.} 25. Bc2 Qxb2 26. Qa4 (26. Bb3 $11) 26... Qc3 27. Qb3 (27. Bb3 $142) 27... Qxc5+ $17 28. Kh1 b5 29. Qd3 g6 30. Bb3 {[#] Black must now prevent Qxg6+.} Kg7 31. Qd2 Re8 32. Rc1 (32. h3 $142) 32... Qe5 (32... Qa7 $19 33. h3 c5) 33. Qf2 $2 {[#]} (33. a4 $17 {is the only way for White.}) 33... Qf4 (33... c5 $142 $1 {[%mdl 512]} 34. g3 (34. Rxc5 Qa1+) 34... c4) 34. Rd1 $2 (34. Qc5) 34... Re5 35. g3 Qe3 $2 (35... Qb4 $19 {has better winning chances. Threatens to win with ...c5.} 36. f4 Re8) 36. Qxe3 Rxe3 {[%mdl 4096] Endgame KRB-KRN} 37. Rc1 Rxf3 38. Kg2 Rf5 {aiming for ...Ng4.} 39. Rxc6 Ng4 40. h4 Ne3+ 41. Kg1 Rf1+ 42. Kh2 Rf2+ 43. Kh1 Nf5 44. Kg1 Rf3 45. Rc7 $1 Nd4 46. Bd5 Rf5 47. Rd7 Nf3+ 48. Kg2 Ne5 49. Rb7 Ng4 50. Be6 Ne3+ 51. Kg1 Rf1+ 52. Kh2 Rf2+ 53. Kg1 Rf1+ 54. Kh2 g5 55. hxg5 hxg5 56. Bb3 Rf2+ 57. Kh1 Rf5 58. Be6 Rf1+ 59. Kh2 g4 60. Bb3 Rf2+ 61. Kh1 Rf5 62. Re7 (62. a4 $15) 62... Rf3 63. Kh2 Nf1+ 64. Kg2 Nxg3 {And now ...Nf1 would win.} 65. Rxf7+ $2 {[%mdl 8192]} (65. Bd5 $17 Nf5 66. Rxf7+ Kg6 67. Rd7 Ne3+ 68. Kg1 Rf1+ 69. Kh2) 65... Rxf7 $19 66. Bxf7 Kxf7 67. Kxg3 Ke6 68. Kxg4 $17 {KP-KP} Ke5 69. Kf3 Kd4 70. Ke2 Kc3 {( -> ...b4)} 71. Ke3 b4 {Precision: White = 38%, Black = 62%.} 0-1

[Event "Stockholm Chess Challenge 2018"]
[Site "Stockholm"]
[Date "2018.05.05"]
[Round "8"]
[White "Crevatin, Leo"]
[Black "Seo, Jung Min"]
[Result "0-1"]
[WhiteElo "2157"]
[BlackElo "2349"]
[Annotator "TA"]
[PlyCount "82"]
[EventDate "2018.??.??"]
[EventCountry "SWE"]
[SourceTitle "playchess.com"]
[Source "ChessBase"]
[SourceQuality "1"]

{[%evp 11,81,30,25,30,37,28,33,6,14,14,8,10,19,6,4,0,0,-11,0,-39,-33,-37,15,-71,-44,-80,-77,-85,-87,-103,0,0,0,-12,-23,-64,-63,-125,-62,-102,-72,-58,-70,-88,-97,-103,-91,-92,-81,-228,-127,-425,-253,-897,-837,-954,-897,-1014,-950,-29959,-29959,-29957,-29952,-6470,-6203,-29981,-29982,-29982,-29983,-29998,-29999,-29999]} 1. d4 d5 2. c4 c6 3. Nf3 Nf6 4. e3 e6 5. b3 Bb4+ (5... c5 6. Bb2 cxd4 7. exd4 dxc4 8. bxc4 Qa5+ 9. Nbd2 Ba3 10. Qc1 Bxb2 11. Qxb2 Nc6 12. Be2 Qb4 13. O-O-O {½-½ (57) Short,N (2698)-Duda,J (2706) Heraklio 2017}) 6. Nbd2 {D30: Queen's Gambit Declined: Systems without Nc3} O-O {LiveBook: 11 Games} 7. Bb2 Ne4 8. a3 {White is slightly better.} Bd6 9. Nxe4 $146 (9. b4 {seems wilder.} f5 10. Be2 b6 11. O-O a5 12. c5) ({Predecessor:} 9. Bd3 f5 10. O-O Nd7 11. c5 Bc7 12. g3 Qe7 13. Bxe4 fxe4 {0-1 (52) Hemmat,A (1686)-Ramirez Gonzalez,M (1983) Cali 2015}) 9... dxe4 10. Nd2 f5 $1 11. Qc2 Qe7 12. c5 Bc7 13. O-O-O Nd7 14. f3 Nf6 15. Bc4 {[%cal Rf3e4]} exf3 16. gxf3 Kh8 ({Black should play} 16... b5 $15 17. Bd3 a5) 17. e4 (17. f4 $11) 17... fxe4 $17 18. fxe4 e5 19. b4 {next d5 is good for White.} exd4 20. Bxd4 Ng4 (20... b5 $17 21. Bb3 Be6) 21. Rdf1 Bd7 22. h3 Ne5 23. Be2 Ng6 24. Bg4 (24. Rxf8+ $15 Rxf8 25. Qc3) 24... Be5 (24... Rfd8 $17 25. Nb3 a5 26. bxa5 Ne5) 25. Qc3 Rfd8 {Threatens to win with ...Bxd4.} 26. Bxe5 Nxe5 27. Bxd7 Rxd7 28. Rf5 Re8 $36 {[%mdl 2048] Black is on the roll.} 29. Rhf1 {Strongly threatening Rxe5!} h6 30. Qb3 {[#]} (30. Nc4 $17 {keeps fighting.} Nxc4 31. Qxc4) 30... Kh7 ({Black should try} 30... a5 $1 $19 {[%mdl 512]} 31. Kc2 (31. bxa5 Qxc5+) 31... axb4 32. axb4 Rd3 33. Rxe5 Rxd2+ 34. Kxd2 Qxe5) 31. Rg1 $2 {[%mdl 8192]} (31. Nc4 $17 {was forced.} Nd3+ 32. Kb1 Qxe4 33. Qc2) 31... Red8 (31... g6 $142 32. Rff1 Rd3) 32. Rg2 $2 (32. Qc3 Nd3+ 33. Kb1 Nxb4 34. axb4 Rxd2 35. Rf3) 32... Nd3+ $19 33. Kd1 Qh4 34. Re2 Qxh3 35. Kc2 {[#]} Ne1+ $1 {[%mdl 512]} 36. Kb1 (36. Rxe1 Rxd2+) 36... Rd3 37. Qb2 Rxa3 {( -> ...Qd3+)} 38. Rxe1 Qd3+ {Black mates.} 39. Kc1 {[#]} Ra1+ $1 {[%mdl 512]} 40. Nb1 {[#]} (40. Qxa1 Qxd2+) 40... Rxb1+ $1 {[%mdl 512]} 41. Qxb1 Qd2# {Precision: White = 36%, Black = 58%.} 0-1

[Event "Stockholm Chess Challenge 2018"]
[Site "Stockholm"]
[Date "2018.05.05"]
[Round "9"]
[White "Maiorov, Nikita"]
[Black "Pantzar, Milton"]
[Result "1-0"]
[WhiteElo "2543"]
[BlackElo "2295"]
[Annotator "TA"]
[PlyCount "75"]
[EventDate "2018.??.??"]
[EventCountry "SWE"]
[SourceTitle "playchess.com"]
[Source "ChessBase"]
[SourceQuality "1"]

{[%evp 20,75,-62,-71,-6,-39,-41,-104,-100,-127,-108,-110,-115,-96,-58,-84,-31,-39,-27,-69,-28,-27,-23,-35,-13,-12,-4,-90,-62,-73,-56,-67,-70,-78,-92,-75,-14,-27,0,0,88,75,73,63,83,52,215,216,217,221,29975,29976,29976,29976,29967,5393,2494,1677]} 1. d4 Nf6 2. c4 e6 3. Nf3 d5 4. Nc3 Bb4 5. Bg5 dxc4 6. Qa4+ Nc6 7. Bxf6 {D39: Queen's Gambit Declined: Ragozin Defence with 5 Bg5 dxc4} gxf6 8. a3 Bxc3+ 9. bxc3 Qd5 10. Qc2 f5 11. g3 {LiveBook: 6 Games} Bd7 (11... b6 $1 $17) 12. Bg2 $11 Na5 13. Rg1 $146 (13. O-O $15) ({Predecessor:} 13. Rd1 O-O-O 14. O-O Qd6 15. Ne5 Be8 16. Rb1 {1-0 (32) Olszewski,M (2533)-Palac,M (2565) Bratto 2013}) 13... Nb3 $17 14. Ra2 Qa5 15. Nd2 {[#]} Nxd2 $1 16. Qxd2 Qa6 17. Qg5 Bc6 (17... Qb6 $17 18. Ra1 Rd8) 18. Bxc6+ $15 Qxc6 19. f3 Qd6 20. Qf6 Rg8 21. Kf2 Rd8 22. Rb1 b6 23. Qh6 (23. Rb4 $1 $11) 23... Kd7 24. a4 a5 25. Rb5 Kc8 26. e4 fxe4 27. fxe4 {[#]} Rg6 (27... f6 $1 $17 {[%mdl 512]}) 28. Qxh7 $11 Qe7 {Black wants to play ...Qf6+.} 29. Kg2 Qf6 (29... Rdg8 $11 {keeps the balance.}) 30. Rf2 $16 Rg7 31. Qh5 Qe7 32. Qf3 Qa3 $2 (32... Rh8 $14) 33. e5 $18 Qxa4 34. Qc6 Rd5 $2 (34... Rh7 $18 35. h3 Rg7) 35. Qa8+ Kd7 36. Rxd5+ exd5 37. Qf8 (37. Qh8 $142 Rg6 38. Rxf7+ Ke6 39. Rf2 Kd7 40. Qh7+ Kc6 41. Qxg6+ Kb7 42. Qf7) 37... Rh7 38. Qg8 {Precision: White = 47%, Black = 33%.} 1-0

[Event "Stockholm Chess Challenge 2018"]
[Site "Stockholm"]
[Date "2018.05.05"]
[Round "9"]
[White "Blomqvist, Erik"]
[Black "Sankalp Gupta"]
[Result "1-0"]
[WhiteElo "2494"]
[BlackElo "2374"]
[Annotator "TA"]
[PlyCount "117"]
[EventDate "2018.??.??"]
[EventCountry "SWE"]
[SourceTitle "playchess.com"]
[Source "ChessBase"]
[SourceQuality "1"]

{[%evp 24,117,0,-23,-16,-25,-15,-17,0,0,18,18,45,51,57,-20,32,42,62,63,91,91,79,79,79,79,79,79,79,70,74,71,81,93,110,99,126,122,125,122,123,114,115,115,115,114,114,114,114,115,140,107,111,121,197,185,199,172,176,170,197,197,141,37,37,37,51,52,43,8,96,43,114,57,1065,1041,1065,1063,1063,1047,1008,1009,963,937,400,273,925,659,833,806,1084,1084,945,805,774,739]} 1. e4 e6 2. d4 d5 3. exd5 exd5 4. Nf3 Nc6 5. Bb5 Bd6 6. c4 dxc4 7. d5 a6 8. Ba4 b5 9. dxc6 bxa4 10. O-O Ne7 11. Qxa4 O-O 12. Nbd2 Rb8 {C01: French: Exchange Variation} 13. Qxc4 {LiveBook: 3 Games} Rb4 14. Qc3 (14. Qe2 Bf5 15. Re1 Nxc6 16. b3 Bd3 17. Qd1 Rb5 18. Nc4 Rd5 19. Nxd6 Qxd6 {½-½ (19) Kryakvin,D (2567)-Alekseev,E (2616) Serpukhov 2018}) 14... Nd5 {Black has an edge.} 15. Qc2 $1 Qf6 $146 ({Predecessor:} 15... Rg4 16. Nc4 Qf6 17. Qe2 Qg6 18. Nfe5 Bxe5 19. Nxe5 Rxg2+ {½-½ (43) Thomsen,J (2315)-Boeken,M (2398) ICCF email 2008}) 16. Nc4 Bf5 17. Qe2 $1 Nf4 18. Bxf4 $1 Bxf4 19. Rad1 (19. b3 $1 $14) 19... Qxc6 (19... Qe6 $1 $11 20. Ne3 Bxe3) 20. b3 $14 Bg4 21. Qe7 {[#] Rd8 would kill now.} Bd6 22. Nfe5 Qxc4 23. Rxd6 {Intending Rd8 and mate.} Qc5 24. Rd7 Qxe7 25. Rxe7 Be6 26. Rxc7 Re4 27. Nc6 Re2 28. Ra1 Ra8 29. Nd4 Re4 30. Nxe6 Rxe6 $16 {[%mdl 4096] Endgame KRR-KRR} 31. Rac1 g6 32. Rc8+ Rxc8 33. Rxc8+ {KR-KR} Kg7 {[%cal Re6e1] [#]} 34. Kf1 h5 35. Rc4 Kf6 36. f3 g5 37. h4 gxh4 38. Rxh4 Rc6 (38... Re5 $16 39. Rc4 a5 40. Rc6+ Ke7) 39. Ra4 $18 (39. Rxh5 $6 Rc1+ 40. Ke2 Rc2+ 41. Kd3 Rxa2 $16) 39... Kg5 40. Kf2 h4 41. Kg1 f5 42. Kh2 Rd6 (42... Re6 $18 43. Kh3 Re1) 43. Kh3 (43. Ra3 $16) 43... Rd1 $1 $14 {[%cal Rd1h1]} 44. g3 hxg3 45. f4+ (45. Kxg3 f4+ 46. Kf2 (46. Rxf4 Rg1+ 47. Kh2 Kxf4 $11) 46... Rd2+ 47. Ke1 Rb2) (45. Rxa6 $2 Kf4 $19) 45... Kh5 46. Rxa6 {Black must now prevent Ra5.} (46. Ra5 $5 {[%cal Ra5f5]} g2 47. Rxf5+ Kg6 48. Rg5+ Kf6 49. Rxg2 $16 (49. Kxg2 Rd2+ 50. Kf3 Rxa2 $14)) 46... Rd3 (46... g2 $1 $11 {remains equal.} 47. Kxg2 Kg4) 47. Ra8 ({White should try} 47. Ra4 $16) 47... Rf3 ({Black should play} 47... g2+ $1 $14 48. Kxg2 Kg4) 48. Rg8 ({Better is} 48. Rh8+ $16 Kg6 49. Rb8) 48... Rf2 $2 {[%mdl 8192]} (48... Rxf4 $14 49. Kxg3 Rf1) 49. Kxg3 Rxa2 50. Rg5+ Kh6 51. Rxf5 Kg6 52. Rb5 Ra1 53. Kf2 Kf6 54. Ke3 Rd1 $2 (54... Re1+ 55. Kf2 Rb1) 55. Rb8 {White is clearly winning.} Ke6 56. b4 Rd7 57. Ke4 Rd1 58. Rb6+ Kd7 59. Ke5 {Precision: White = 63%, Black = 36%.} 1-0